000 00708nam a2200241Ia 4500
003 OSt
005 20220924132051.0
006 a|||||r|||| 00| 0
007 ta
008 220923b |||||||| |||| 00| 0 san d
024 _a595
037 _cTextual
040 _aARTS
_cARTS
_bsan
041 _2san
_asan
082 _aQ2:4196x, 15G4
100 _aRaghunathendra Yati comm
_9203628
245 0 _aBhagavannama mahatmya samgraha ed by Ananta Sastri Phadake
260 _c1934
490 _aPrincess of Wales Saraswati Bhavana texts ed by Gopinatha kaviraja; 56
650 _aRELIGION
942 _hQ2:4196x, 15G4
_cTEXL
_2CC
999 _c429107
_d429107